| 000 | 00593nam a2200157 a 4500 | ||
|---|---|---|---|
| 001 | 000040410 | ||
| 005 | 20201002034121.0 | ||
| 008 | 130823s2005 dr 000 0 spa d | ||
| 040 |
_aDO-SdBNP _bspa _cBNPHU |
||
| 100 | 1 |
_aFinot, Iván _966713 |
|
| 245 | 1 | 3 |
_aLa reforma territorial como parte de la reforma del estado / _cIván Finot, prólogo Marcos Villamán. |
| 260 |
_aSanto Domingo : _bConsejo Nacional de Reforma del Estado (CONARE), _c2005. |
||
| 300 |
_a23 p. ; _c22 cm. |
||
| 500 | _aIncluye datos biográficos del autor en la contracubierta | ||
| 700 | 1 |
_aVillamán, Marcos, _epról. _9760 |
|
| 999 |
_c39900 _d39900 |
||